[Event "Katrineholm"]
[Site "Katrineholm"]
[Date "1995.??.??"]
[Round "?"]
[White "Moberg, Karl Johan"]
[Black "Cramling, Pia"]
[Result "1/2-1/2"]
[WhiteElo "2420"]
[BlackElo "2510"]
[Annotator "Ribli,Z"]
[PlyCount "141"]
[EventDate "1995.04.??"]
[EventType "tourn"]
[EventRounds "9"]
[EventCountry "SWE"]
[EventCategory "9"]
[SourceTitle "CBM 049"]
[Source "ChessBase"]
[SourceDate "1995.12.01"]
[SourceVersion "1"]
[SourceVersionDate "1995.12.01"]
[SourceQuality "1"]

1. e4 c5 2. Nf3 e6 3. d4 cxd4 4. Nxd4 Nc6 5. Nb5 d6 6. c4 Nf6 7. N1c3 a6 8. Na3
Be7 9. Be2 O-O 10. O-O b6 11. Be3 Ne5 12. f4 Ned7 13. Bf3 Bb7 14. Qe2 Rc8 15.
Rac1 h6 16. Rfd1 Qc7 17. g3 {Eine Neuerung.} (17. Bf2 Rfe8 18. Rc2 Bf8 {
Remis Gallegher,J-Cramling,P/Bern/1991/CBM22/}) (17. h4 h5 $5 18. Nab1 g6 19.
Nd2 Rfe8 20. b4 Qb8 21. Qf2 Ng4 22. Bxg4 hxg4 23. g3 Ba8 24. a3 f5 25. Kh2 Bf6
26. Bd4 b5 $36 {Nielsen,PH-Razuvaev,Y/Valby K41/1991/CBM27/}) 17... Rfe8 18.
Kg2 Qb8 {Das ist eine typische Stellung in dieser Variante. Weiss hat einen
kleinen Raumvorteil aber schwarze Position ist sehr flexibel.} 19. Nab1 Bc6 (
19... Nh7 20. Nd2 Bf6 $13) 20. Nd2 b5 21. cxb5 axb5 {Droht /\ b4} 22. b4 d5 23.
e5 (23. exd5 $2 {Weiss darf die e-Linie nicht oeffnen.} exd5 $17 {Droht /\
Bxb4 oder d4}) 23... Nh7 24. a3 Nb6 25. Bxb6 (25. Nxb5 $4 Bxb5 26. Qxb5 Nc4 $1
27. Qxb8 Nxe3+ $19) 25... Qxb6 26. Nb3 Bd7 27. Be4 (27. Nd4 Rc4 $13) 27... Qa7
28. Bxh7+ Kxh7 29. Na5 Qb8 30. Qd3+ Kg8 31. Ne2 Bd8 32. Rxc8 Qxc8 33. Nb3 Bb6
34. Rc1 (34. Ned4 Qc4 (34... Qa8 35. Nc5 $16) 35. Qd2 Bxd4 36. Nxd4 Rc8 $13)
34... Qa8 35. Nc5 d4+ $5 {Schwarz soll mit diesem Bauernopfer seinen
Laeuferpaar aktivisieren.} 36. Kg1 Bc6 37. Nxd4 Rd8 38. Qe3 Bg2 (38... Rxd4 39.
Qxd4 Qxa3 40. Rf1 Qa2 41. Rf2 Qb1+ 42. Rf1 Qc2 43. Rf2 Qb1+ 44. Rf1 $10) 39. h4
Bh3 40. Rc2 Qd5 41. Kh2 Bg4 42. Ndb3 (42. Nxb5 Qd1 43. Rf2 Bxc5 44. bxc5 (44.
Qxc5 Bf3 $19) 44... Rd3 45. Qe4 Bf3 $19) 42... Qa8 43. Nd4 Rd5 {Schwarz will
weiter spielen.} 44. Rd2 Qd8 45. Ndb3 Bd1 46. Nd4 Bg4 47. Ndb3 Rxd2+ 48. Nxd2 (
48. Qxd2 Qa8 $44) 48... Qd5 49. Nde4 Qa2+ 50. Nf2 h5 51. Kg1 Bf5 52. Qf3 Bg6
53. Qb7 Bxc5 54. bxc5 Qxa3 55. c6 Qxg3+ 56. Kf1 Bd3+ 57. Nxd3 Qxd3+ {Der
starke weisse c6-Bauer garantiert den halben Punkte.} 58. Kf2 Qd2+ 59. Kf3 Qd3+
60. Kf2 Qd4+ 61. Kg3 Qe3+ 62. Kg2 Qe2+ 63. Kg3 Qg4+ 64. Kf2 Qxf4+ 65. Ke2 Qxe5+
66. Kd3 Qd5+ 67. Kc3 Qc4+ 68. Kb2 Qb4+ 69. Ka2 Qc4+ 70. Kb2 Qb4+ 71. Ka2
1/2-1/2

[Event "Dortmund GM"]
[Site "Dortmund"]
[Date "2000.07.12"]
[Round "5"]
[White "Varga, Zoltan"]
[Black "Schmittdiel, Eckhard"]
[Result "0-1"]
[WhiteElo "2541"]
[BlackElo "2479"]
[Annotator "Ribli,Z"]
[PlyCount "74"]
[EventDate "2000.07.07"]
[EventType "tourn"]
[EventRounds "9"]
[EventCountry "GER"]
[EventCategory "9"]
[SourceTitle "CBM 078"]
[Source "ChessBase"]
[SourceDate "2000.10.18"]
[SourceVersion "1"]
[SourceVersionDate "2000.10.18"]
[SourceQuality "1"]

1. e4 c5 2. Nf3 Nc6 3. d4 cxd4 4. Nxd4 e5 {Das ist die sogenannte Kalaschnikow
Variante, oder verbesserte Sweschnikow Variante, denn Schwarz spielt e5 ohne
die Züge Nf6 - Nc3.} (4... e6 5. Nb5 d6 6. Bf4 e5 7. Be3 Nf6 8. Bg5 a6 9. Bxf6
gxf6 10. N5c3 f5 11. Qh5 Nd4 (11... Bg7 12. Bc4 O-O 13. exf5 (13. Nd2 Nd4 14.
O-O-O b5 15. Bd3 d5 16. exf5 e4 17. Ndxe4 dxe4 18. Bxe4 Qf6 19. Rxd4 Rb8 20.
Rhd1 {1-0 Berg,K-Kristensen,J/Norresundby 1992/EXT 99 (25)}) 13... Nd4 (13...
Nb4 14. Bb3 Qd7 15. Qh4 a5 16. f6 Qd8 17. Ne4 Bf5 18. Qg3 Bg6 19. fxg7 Re8 20.
a3 a4 21. axb4 axb3 22. Rxa8 bxc2 23. O-O {1-0 Brendel,O-Maiwald,J/BL9596 1996/
GER-chT (23)}) 14. Bd3 Re8 15. O-O d5 16. f3 b5 17. f6 Bxf6 18. Qxh7+ Kf8 19.
Nd2 Bb7 {0-1 Rosenberg,M-Viglundsson,B/Graz 1972/MCD (32)}) 12. Bc4 Qc7 13. Nd2
{In unsere Hauptpartie Weiss spielte 13.Bb3 (eigentlich 12.Bb3,aber dieselbe
Stellung) .} Nxc2+ 14. Ke2 Nxa1 15. Rxa1 (15. Nd5 Qc6 16. Rc1 Be6 17. Nf6+ Kd8
18. Rc3 Be7 19. Bxe6 fxe6 20. Rxc6 bxc6 21. Qh6 Nc2 22. Nf3 fxe4 23. Nxe4 Kd7
24. Qd2 Nd4+ 25. Nxd4 exd4 26. Qxd4 d5 {1/2-1/2 Bronstein,D-Polugaevsky,L/
Leningrad 1963/URS-ch (51)}) 15... b5 16. Nd5 Qd8 17. Bb3 Ra7 18. exf5 Bg7 19.
Ne4 a5 20. Rc1 Ba6 21. Rc6 Rf8 22. f6 Bh8 23. Rxd6 {1-0 Dam,R-Polgar,S/
Amsterdam 1990/CBM 20 (23)}) 5. Nb5 d6 6. Be3 {Das ist eine aussichtsreiche
Fortsetzung. Ich möchte anmerken, dass wir in der Zugfolge 1.e4 c5 2.Nf3 Nc6 3.
d4 cxd4 4.Nxd4 e6 5.Nb5 d6 6.Bf4 e5 dieselbe Stellung bekommen. Der
Unterschied besteht nur in der Notation (5.Bf4, oder 6.Bf4).} (6. c4) 6... Nf6
7. Bg5 a6 $6 {Dieser Zug hat einen schlechten Ruf (und wird heutzutage sehr
selten gespielt) - Schwarz vertreibt den Nb5, der normaler Weise von sich aus
nach c3 zieht.} (7... Be6) 8. Bxf6 gxf6 9. N5c3 f5 (9... Bg7 10. Nd2 $14) (9...
Be6 10. Nd5 $16) 10. Qh5 {Weiß hat alles, was er will - das Feld d5 ist ein
positionelles Loch, und er hat gute Angriffschancen.} Nd4 11. Bc4 Qc7 12. Bb3
$6 (12. Nd2 $5 {Weiß muss den Pc2 gar nicht verteidigen, die schnelle
Entwicklung geht vor. Diese Variante ist so schlecht für Schwarz und wird so
selten gespielt, dass sich Weiß vermutlich nicht daran erinnert, was hier
Theorie ist. Vielleicht aber hat der deutsche Großmeister eine geheime
Verbesserung für Schwarz vorbereitet? Die theoretishe Hauptfortsetzung findet
sich bei 4...e6.}) 12... fxe4 13. Nd5 $13 (13. Nd2 Bf5 (13... Be6 14. Bxe6 Nxe6
(14... Nxc2+ 15. Kf1 Nxa1 16. Nd5 Qc6 (16... Qc1+ 17. Ke2 $18) 17. Qxf7+ Kd8
18. Qf6+ $18) 15. Ndxe4 $14) 14. Ndxe4 O-O-O $13) 13... Qd8 (13... Qa5+ 14.
Nbc3 Nxb3 15. cxb3 Be6 16. Rd1 $44 {[%csl Gd5]}) 14. Nbc3 (14. Nd2 Be6 $15 (
14... Bf5 {[%cal Gf5g6]})) 14... Bf5 15. O-O-O Bg6 16. Qh3 h5 {[%cal Gf8h6,
Gh6c1] Schwarz möchte den Läufer über h6 ins Spiel bringen und droht 17...Bf5
18.Qg3 h4 19.Qe3 Bh6 mit Damengewinn.} (16... Nxb3+ 17. axb3 Bg7 18. Rhe1 (18.
Ne3 $13) 18... f5 19. g4 $13) 17. Kb1 Bh6 18. Nxe4 $5 {[%mdl 512] Ein
unerwartetes Opfer, das Weiß etwas Initiative verschafft.} (18. Rhe1 $2 Bf5 {
[%csl Rh3]} 19. Qxh5 Bg7 $19) 18... Bxe4 19. Rxd4 Bxc2+ $5 (19... exd4 20. Re1
Be3 21. Nxe3 dxe3 22. Qxe3 d5 23. f3 $13) 20. Bxc2 (20. Kxc2 $6 exd4 $17) 20...
exd4 21. Qf5 (21. Re1+ Kf8 22. Re7 Bg5 23. Rxb7 Qe8 $17) 21... Kf8 $17 {
[%cal Gd8g5][%mdl 1024] Weiß hat starke Kontrolle über die weißen Felder, aber
der schwarze Materialvorteil ist groß - er hat Qualität + Bauer mehr. Der
schwarze König steht nicht schlecht auf f8.} 22. h4 {Weiß verhindert 22...Qg5.}
(22. Qxh5 Bg7 $17) 22... Bg7 23. Bb3 $1 {[%cal Gb3f7,Gf5f7] Der Bb3 steht
ausgezeichnet.} Qc8 24. Qg5 Qe6 $4 {Eine schlechte Fortsetzung - Schwarz
möchte nach 25.Nc7 das Damenschach (Qe4+) geben und übersieht dabei die
Fortsetzung 25.Nb6!.} (24... Qe8 $17) 25. Nc7 $4 (25. Nb6 $1 {[%cal Rb6a8,
Rb3e6]} Qe4+ 26. Ka1 {[%csl Ra8]} Qe8 (26... Re8 27. Nd7+ Kg8 28. Nf6+ $16) (
26... f6 27. Nd7+ $18) 27. Nxa8 Qxa8 28. Re1 $18) 25... Qe4+ 26. Ka1 (26. Bc2
d3 $19) 26... Rc8 {Jetzt hat Weiß nichts für den materiellen Nachteil.} 27. Rc1
Kg8 {Schwarz hat einige Probleme bei der Koordination seiner Figuren, aber er
kann seine Stellung schrittweise verbessern. Weiß hingegen kann nichts
unternehmen.} 28. a3 Qe5 29. Qg6 d5 {[%csl Rc7]} 30. Qb6 d3 $19 {[%cal Rg7b2]
Die große Diagonale ist geöffnet - Schwarz bekommt jetzt konkrete Drohungen.}
31. Bxd5 d2 32. Bxf7+ {Dieses Opfer sieht schön aus, hilft aber nichts.} Kxf7
33. Qb3+ Kg6 34. Qd3+ Qf5 {Schwarz hat schon einen Turm mehr und steht auf
Gewinn.} 35. Qxd2 Rhd8 36. Qe2 Rd7 37. g4 hxg4 0-1

[Event "Hastings 00 75th"]
[Site "Hastings"]
[Date "2000.01.11"]
[Round "8"]
[White "Chandler, Murray G"]
[Black "Emms, John M"]
[Result "1/2-1/2"]
[WhiteElo "2527"]
[BlackElo "2546"]
[Annotator "Ribli,Z"]
[PlyCount "122"]
[EventDate "2000.01.04"]
[EventType "tourn"]
[EventRounds "9"]
[EventCountry "ENG"]
[EventCategory "13"]
[SourceTitle "CBM 075"]
[Source "ChessBase"]
[SourceDate "2000.04.05"]
[SourceVersion "1"]
[SourceVersionDate "2000.04.05"]
[SourceQuality "1"]

1. e4 c5 2. Nf3 e6 3. d4 cxd4 4. Nxd4 Nc6 5. c4 {Das ist eine seltene
Fortsetzung, die Weiß von de Theorie her keinen Vorteil verspricht.} Nf6 6. Nc3
Bb4 {Ich möchte anmerken, dass ähnliche Stellungen in der Paulsen Variante
entstehen - 1.e4 c5 2.Nf3 e6 3.d4 cxd4 4.Nxd4 a6 5.c4 Nc6 6.Nc3 Bb4. Der
einzige Unterschied ist, dass Schwarz dort statt Nc6 den Zug a6 spielte.} 7.
Nxc6 bxc6 (7... dxc6 {Dieser Zug ist weniger ambitioniert, verschafft Schwarz
aber auch Ausgleich.} 8. Qxd8+ Kxd8 $11) 8. Bd3 e5 {[%csl Yd4] Schwarz
verhindert den Zug 9.e5, und sichert seine Kontrolle über das Feld d4.} 9. O-O
O-O 10. Be3 {Ein natürlicher Entwicklungszug. Andernfalls kann Schwarz
eventuell von selbst Bc5 ziehen, mit starker Kontrolle über die schwarzen
Felder.} (10. Bg5 $5 h6 11. Bh4 (11. Be3 d6 12. Qe2 Ng4 13. Bd2 Qh4 14. h3 Nf6
15. Be3 Nh5 16. Qf3 Be6 17. a3 Ba5 18. b4 Bc7 19. c5 dxc5 20. Bxc5 Rfd8 21. Be2
Nf4 22. Be3 Bb6 {0-1 Basas,J-De la Riva,J/Barcelona 1996/EXT 99 (52)}) 11...
Bc5 $1 12. a3 $6 a5 13. Qd2 d6 14. Kh1 Be6 15. f4 $6 exf4 16. Rxf4 g5 17. Raf1
Bd4 $1 18. R4f3 Ng4 $1 19. Bg3 Ne5 20. Bxe5 Bxe5 $15 {0-1 Christiansen,L-Ribli,
Z/Deutschland 1992/Inf 54/[Ribli,Z] (44)}) 10... Bxc3 {Schwarz muss sich
vorsehen - in einigen Varianten zieht der zuvor gefesselte Springer weg und
der Bb4 steht schlecht.} (10... d6 $6 11. Na4 $1 d5 12. exd5 cxd5 13. a3 Be7
14. cxd5 Nxd5 (14... Qxd5 15. Nc3 Qc6 (15... Qe6 16. Qf3 Bd7 $14) 16. Rc1 Bb7
17. f3 Bc5 18. Bxc5 Qxc5+ 19. Kh1 Rad8 20. Qc2 Qe3 21. Rcd1 Rd4 22. Rfe1 Qh6
23. Qe2 Nd7 24. Nb5 Rh4 25. g3 Bxf3+ 26. Qxf3 Rxh2+ 27. Kg1 Rxb2 28. Re2 Qb6+
29. Kf1 Rxb5 30. Bxb5 Qxb5 31. Qd5 {1-0 Evdokimov,A-Bachin,V/Serpukhov 1999/
EXT 2000 (57)}) 15. Bc5 Nf6 16. Re1 Bxc5 17. Nxc5 Qb6 18. Qc2 Re8 19. h3 a5 20.
Rac1 {1-0 Kramnik,V-Kasparov,G/New York 1994/CBM 41/[Kasparov] (74)}) (10... d5
11. cxd5 Bxc3 12. bxc3 cxd5 13. Bg5 dxe4 14. Bxf6 Qxd3 15. Bxe5 Be6 16. Qc1 f6
17. Bd4 a5 18. a4 Qc4 19. Re1 Bd5 {1/2-1/2 Stambulin,A-Poluljahov,A/Krasnodar
1997/EXT 2000 (35)}) 11. bxc3 d6 $11 {Schwarz hat eine solide Stellung. Die
weiße Bauernstruktur ist schlecht wegen des Doppelbauers auf der c-Linie,
dafür aber besitzt er das Läuferpaar.} 12. h3 (12. c5 d5 $15) 12... Be6 13. f4
{Es ist verständlich, dass Weiß die Stellung - für das Läuferpaar - öffnen
möchte.} exf4 14. Bxf4 (14. Rxf4 Nd7 $15) 14... Qb6+ 15. Kh1 Qc5 {[%csl Gc5]
Die schwarze Dame steht sehr gut auf c5. Sie greift den Pc4 an und verteidigt
den eigenen Pd6.} 16. Bc2 Rad8 17. Rf3 (17. Qd4 {Der Pc4 ist schlecht, deshalb
verteidigt Weiß ihn nicht, sondern sucht Gegenspiel.} Bxc4 18. Rfd1 Qxd4 19.
cxd4 (19. Rxd4 d5 $17) 19... Rfe8 $17) 17... Rfe8 (17... Bxc4 18. Be3 Qh5 (
18... Qa5 $2 19. Rxf6 gxf6 20. Qg4+ Kh8 21. Bd4 $18) 19. Bd4 $44 {[%csl Gd4]})
18. Qd2 {Weiß bereitet den Zug 19.Bg5 vor.} Qxc4 {Meiner Meinung nach wäre das
Schlagen des Bauern logischer.} (18... Bxc4 19. Bg5 (19. Be3) 19... Rxe4 (19...
Re6 20. Rf5 $44) 20. Bxf6 Re2) 19. Bg5 $44 Nxe4 $5 {Auf diese Weise bekommt
Schwarz zwei Bauern für die Qualität.} 20. Bxe4 Qxe4 21. Bxd8 Rxd8 $11 22. Rd3
(22. Re1 Qh4) 22... d5 23. Re1 Qh4 {Die Stellung ist weitgehend geschlossen,
daher haben die weißen Türme keine aktiven Möglichkeiten.} 24. Rd4 Qe7 25. Qd3
Qa3 {[%csl Ga3] Schwarz hat eine aktive Dame auf a3.} 26. Qc2 Rb8 {[%cal Gb8b1]
} 27. Ra4 (27. Rb1 Qd6 $11 (27... Rb6 $11)) 27... Qc5 28. Qd2 Qe7 29. Qd4 Rb6
30. Qe5 h6 {Weiß besitzt etwas Initiative, aber die schwarze Stellung ist
solide.} 31. Re3 {[%cal Re3g3,Rg3g8]} Kh7 32. Rg3 (32. Rg4 g5) 32... f6 33. Qe3
Qd7 {[%cal Ge6f5,Gf5e4] Schwarz vermeidet die mögliche Fesslung auf der
e-Linie und bereitet die Verbesserung des Läufers (Bf5-e4) vor.} 34. Qc5 Bf5
35. Qa5 Rb7 36. Rb4 Be4 $15 {[%csl Ge4] Der Be4 ist der Stolz der schwarzen
Stellung. Der weiße Rg3 steht passiv.} 37. Rxb7 Qxb7 38. Qd8 $6 (38. Qc5 $5 Qb8
39. Kh2) 38... c5 {Wenn sich die Möglichkeit bietet, rückt Schwarz mit dem
c-Bauern vor.} 39. Qd6 c4 40. Kh2 a6 (40... a5 $15) 41. a3 a5 (41... Qa7 $15)
42. Kh1 a4 43. Kh2 {Weiß hat keine aktiven Möglichkeiten - mit Wartezügen hält
er seine Stellung.} Qf7 44. Re3 f5 {Mit dieser Fortsetzung befestigt Schwarz
die Stellung seines Be4.} 45. Qe5 $6 (45. Re1 Qb7 $15) 45... Qf8 {Es hängt der
Pa3, Weiß kann ihn nicht verteidigen.} (45... f4 46. Rxe4 dxe4 47. Qxe4+ g6 48.
Qc6 $11) 46. Re2 Qxa3 47. Rxe4 $1 {[%mdl 256] Das ist die einzige Chance für
Weiß. Dank seiner aktiven Dame hat er Aussichten auf ein Remis.} fxe4 48. Qf5+
(48. Qxd5 Qe7 $19 {[%csl Ga4,Ge4] Mit zwei Freibauern steht Schwarz auf Gewinn.
}) 48... Kh8 49. Qc8+ Kh7 50. Qf5+ g6 51. Qf7+ Kh8 52. Qf6+ Kh7 53. Qf7+ Kh8
54. Qf6+ Kg8 {Nach 54...Kh7 55.Qf7+ hätten wir dreimalige
Stellungswiederholung (s. 51.Qf7+, 53.Qf7+).} 55. Qxg6+ Kf8 56. Qxh6+ $11 {
Schwarz hat schon einen Bauern mehr, aber seine Dame ist weit vom Ort des
Geschehens entfernt..} Ke7 57. Qg5+ Ke6 (57... Kd6 58. Qf6+ Kd7 59. Qf5+) 58.
Qg6+ Kd7 59. Qf5+ Kc7 (59... Kd6 60. Qf8+ $18) 60. Qf7+ Kc8 61. Qe8+ Kc7 {
Und hier wurde - in ausgeglichener Stellung - Remis gegeben.} (61... Kc7 62.
Qf7+ $11) 1/2-1/2

[Event "Corus-B"]
[Site "Wijk aan Zee"]
[Date "2005.01.21"]
[Round "6"]
[White "Cheparinov, Ivan"]
[Black "Karjakin, Sergey"]
[Result "0-1"]
[WhiteElo "2572"]
[BlackElo "2599"]
[Annotator "Ribli,Z"]
[PlyCount "86"]
[EventDate "2005.01.15"]
[EventType "tourn"]
[EventRounds "13"]
[EventCountry "NED"]
[EventCategory "13"]
[SourceTitle "CBM 105"]
[Source "ChessBase"]
[SourceDate "2005.04.11"]
[SourceVersion "1"]
[SourceVersionDate "2005.04.11"]
[SourceQuality "1"]

1. c4 c5 2. Nf3 Nc6 3. d4 cxd4 4. Nxd4 Nf6 5. Nc3 e6 6. a3 Be7 {Das ist die
ruhige und oft gespielte Fortsetzung, aber die Alternativen 6...Nxd4 7.Qxd4 b6
, 6...Bc5 und 6...d5 sind auch möglich.} 7. e4 O-O 8. Nf3 (8. Nb3) 8... b6 9.
Bf4 d6 (9... Bb7 10. Bd3 d6 11. O-O Ng4 12. Re1 Nge5 13. Rc1 Rc8 14. Bf1 {
1/2-1/2 Benkovic,P-Perunovic,M/Dimitrovgrad YUG 2003/}) 10. Be2 Bb7 11. O-O Rc8
12. Rc1 (12. Re1 a6 13. Bf1 Qc7 14. b4 Rfd8 (14... Ne5 15. Nd2 Kh8 {[%cal
Gf8g8,Gg7g5] Schwarz kann im Folgenden 16...Rg8 und 17...g5 ziehen.} (15... b5
16. Bxe5 dxe5 17. c5 $14)) 15. Rc1 Ne5 16. Nd2 {1-0 Korchnoi,V-Ponomariov,R/
Donetsk (m/2) 80/30 2001/[Korchnoi,V] (117)}) 12... Ne5 (12... a6 13. Qd3 Ng4
14. Rfd1 Nge5 15. Nxe5 dxe5 16. Be3 Bc5 17. Qd7 Ba8 18. Qxd8 Rfxd8 19. b4 {
1/2-1/2 Kortschnoj,V-Stohl,I/Tilburg rapid20 1993/CBM 39 (55)}) 13. Nd2 (13.
Nxe5 dxe5 14. Bxe5 Nxe4 15. Nxe4 Bxe4 $11) 13... a6 14. Re1 {Weiß hat eine
starke Zentrumsstellung wegen den c4- und e4-Bauern, aber Schwarz hat auch
eine ganz feste Stellung.} Rc7 {[%cal Gd8a8,Ga8h1]} 15. Be3 Ned7 {[%csl Gd7,
Gf6] Das ist eine sehr elastische Springerstellung für Schwarz.} 16. b4 {
Auf diese Weise gewinnt Weiß Raum am Damenflügel und verteidigt sich gegen Nc5.
} Qa8 $11 17. Na4 Rc6 18. Qb3 (18. f3 $11) 18... Bd8 {Schwarz möchte seine
Läuferstellung verbessern - er bereitet Bc7 vor.} 19. f3 Rc8 {Jetzt der b6P
ist verteidigt, der c6R kann zurueckgehen.} 20. Kh1 Bc7 {[%csl Gc7] Der Läufer
verteidigt die potenzielle schwarze Schwächen, den b6- und den d6-Bauern.} 21.
Bf1 Kh8 22. Qb2 Rg8 {[%cal Gg7g5] Dieser Mittelspielplan wurde als erstes in
der Partie Fischer, R - Andersson,U Siegen (exhibition game) 1970 gespielt -
mit vertauschten Farben, denn dort spielte Fischer Rg1 und g4. Die Idee des
Textzugs ist, dass Schwarz am Königsflügel mit späterem g7-g5 Raum gewinnen
möchte.} 23. Nb3 {[%csl Rb6][%cal Gb2f2,Gf2b6] Weiß bereitet 24.Qf2 vor und
möchte den b6-Bauern angreifen.} Bc6 24. Nc3 Bb7 25. Na4 (25. Qf2 $5) 25... Bc6
26. Nc3 Bb7 27. Red1 (27. Na4 {Mit diesem Zug könnte Weiß die dreimalige
Zugwiederholung reklamieren, aber er möchte mehr.}) 27... Qb8 {[%cal Gb8h2]
Nach diesem Zug muss Weiß mit dem Motiv 28...d5 und Bxh2 rechnen.} 28. Bg1 g5
$13 29. c5 $6 {Dieser Durchbruch führt zu sehr scharfem Spiel, aber dieser Zug
erscheint mir zu früh.} (29. Bd4 Ne5 $13) 29... dxc5 30. bxc5 bxc5 31. Nxc5
Nxc5 32. Bxc5 Bxh2 33. Nd5 {[%mdl 2048]} (33. Bd4 Be5 (33... e5 34. Bf2 Bf4 35.
Rb1 g4 36. Qxb7 Qxb7 37. Rxb7 Rxc3 38. Rxf7 Rc6 $11) 34. Bxe5 (34. Nd5 {
Mit Zugumstellung haben wir die Partiefortsetzung.}) 34... Qxe5 35. Qxb7 Rxc3
36. Rxc3 Qxc3 37. Qxf7 g4 38. Rc1 Qxc1 (38... Qe5 39. Rc5 $11) 39. Qxf6+ Rg7
40. Qf8+ Rg8 $11) 33... Be5 (33... exd5 $2 34. Qxf6+ Rg7 35. Bd4 $18) 34. Bd4
Bxd4 35. Qxd4 e5 {Schwarz muss die Diagonale h8-a1 geschlossen halten.} (35...
exd5 $2 36. Qxf6+ Rg7 37. Rxc8+ Qxc8 38. exd5 $16 {[%csl Gd5,Gf6]}) 36. Qb6
Nxd5 37. exd5 Rg6 {[%csl Gg6][%cal Rg6b6,Rg6h6,Rh6h1] Der Turm erscheint
rechtzeitig auf g6 - die Dame auf b6 hängt und Weiß muss immer mit Rh6+
rechnen.} 38. Rxc8+ Qxc8 39. d6 g4 40. Rb1 $4 {[%mdl 8192] Ein großer Fehler,
der die Partie verliert.} (40. Qe3 $142 gxf3 (40... f6 41. f4 $132) 41. d7
fxg2+ 42. Bxg2 Bxg2+ 43. Kh2 Qd8 44. Qxe5+ f6 45. Qe8+ Rg8 46. Qxd8 Rxd8 47.
Kxg2 Kg7 $15) 40... gxf3 $19 {Plötzlich befindet sich der weiße König im
Mattnetz.} 41. g3 (41. Qxb7 Rh6+ 42. Kg1 Qc5#) 41... Rh6+ 42. Kg1 f2+ 43. Kxf2
Rh2+ (43... Rh2+ 44. Kg1 Rh1+ 45. Kf2 Qf5+ $19) 0-1